Jogos e gols históricos do Flamengo (#1) - Statistics

Estatísticas Gerais
  • Esse quiz foi jogado 149 vezes
    139 desde o último reset
  • A pontuação média é 19 de 28
Estatísticas das Respostas
Imagem Hint Resposta % Correto
Botou os ingleses na roda 3x0 vs Liverpool 1981
96%
Predestinado. 1x0 vs Athletico PR 2022
93%
Não precisa de dica. 2x1 vs River 2019
91%
Bruxaria vs magia 5x4 vs Santos 2011
89%
Rodinei, com fé no pé 1x1 vs Corinthians 2022
88%
"E quem ficou no cheirin foi o _____________" 2x1 vs Inter 2021
85%
Pra fechar com chave de ouro 3x0 vs Ceará 2019
85%
A nação sonha com o bi.... 5x0 vs Grêmio 2019
85%
Maracanã explode. 2x1 vs Gremio 2009
82%
Hat Trick do BH 5x1 vs São Paulo
81%
Início da paternidade 2x0 vs Athletico 2013
80%
E agora seu povo... 3x1 vs Al-Hilal 2019
79%
Apolinho imortalizado. 3x1 vs Vasco 2001
77%
Impossível? 1x0 vs Cruzeiro 2013
75%
Dia do abandono 4x1 vs Vasco 2023
75%
23/11/1981 2x0 vs Cobreloa 1981
68%
"Vasco fez gracinha" 6x1 vs vasco 2024
68%
Hat trick no chorão 4x0 vs Botafogo 2013
65%
Vice da gama 2x0 vs Vasco 2006
59%
1992 3x0 vs Botafogo 1992
51%
Deus da raça 1x0 vs Vasco 1978
48%
1980 3x2 vs Atletico MG 1980
48%
A despedida de Zico 5x0 vs Fluminense 1989
48%
Adriano vs Coritiba 3x0 vs Coritiba 2009
46%
Gol do Valido em 1944 1x0 vs Vasco 1944
31%
1999 3x3 vs Palmeiras
27%
Pentatri 2x2 vs Botafogo 2009
25%
Dia da vingança 6x0 vs Botafogo 1981
23%
Nenhum quiz correspondente encontrado
Distribuição das Pontuações
Porcentagem de Pessoas com Cada Pontuação
Percentil de Números Respondidos
Sua Pontuação Histórica
Você não jogou esse quiz desde o último reset